00421nam a2200157Ia 45000010006000000050017000060080041000230410008000640820015000721000038000872450084001252600009002093000029002186500008002476540008002552333620260414150930.0260414t2019||||xx |||||||||||||| ||spa|| aESP a629.8bV66 aOtálvaro Guzmán, VivianaeAUT 0aBiónica y biomímesis en el diseño de productos :bmodelos de aplicación c2019 a239 páginas : c23 cm. aCNM aCCN